|
|
|
|
| LEADER |
00000nab a2200000 a 4500 |
| 001 |
vtls010564070 |
| 003 |
SK-MaSNL |
| 005 |
20260303085424.0 |
| 008 |
131210 2012 xo 100 b slo |
| 015 |
|
|
|a SNBRA 2012/09
|2 svkbbbg
|
| 038 |
|
|
|a SVKBBBG
|
| 040 |
|
|
|a SVKBBBG
|b slo
|c SVKBBBG
|e AACR2
|
| 041 |
1 |
|
|a slo
|b ger
|g eng
|
| 044 |
|
|
|a xo
|c SK
|
| 072 |
|
7 |
|a 784
|x Vokálna hudba
|2 konspekt
|
| 080 |
|
|
|a 784.4
|2 2001
|
| 080 |
|
|
|a "15"
|2 2001
|
| 100 |
1 |
|
|a Goótšová, Andrea,
|d 1985-
|4 aut
|9 1094909
|
| 245 |
1 |
0 |
|a Obraz Turka v historických piesňach 16. storočia
|c Andrea Goótšová
|
| 246 |
3 |
1 |
|a Image of the Turk in the historical songs from the 16th century
|
| 300 |
|
|
|b Fotogr.
|
| 500 |
|
|
|a Biografické údaje o autorovi na konci zborníka
|
| 500 |
|
|
|a Prednesené na medzinárodnej konferencii 16. storočie v zrkadle knižnej kultúry, Banská Bystrica, november 2012
|
| 504 |
|
|
|a Bibliogr. odkazy a zoznam použitej literatúry
|
| 546 |
|
|
|a Súbežný názov v angličtine ; res. nem.
|
| 648 |
|
7 |
|a 16. stor.
|2 SVKBBPH
|9 293378
|
| 650 |
0 |
7 |
|a historické piesne
|2 SNKPH
|9 3445
|
| 773 |
0 |
|
|t 16. storočie v zrkadle knižnej kultúry : zborník príspevkov
|d Banská Bystrica : Štátna vedecká knižnica v Banskej Bystrici, 2012
|g S. [45]-55
|z 9788089388486
|
| 852 |
|
|
|a SVKBB
|b KIS3GCP
|
| 958 |
|
|
|a NB
|
| 999 |
|
|
|c 1799178
|d 1801108
|